[Event "Novosibirsk Seniors op"]
[Site "Novosibirsk"]
[Date "2010.09.30"]
[Round "6"]
[White "Lanin, Viktor"]
[Black "Mitkovsky, Semen"]
[Result "1/2-1/2"]
[WhiteElo "1765"]
[BlackElo "1835"]
[PlyCount "56"]
[EventDate "2010.09.24"]
[EventType "swiss"]
[EventRounds "9"]
[EventCountry "RUS"]
[SourceTitle "EXT 2014"]
[Source "ChessBase"]
[SourceDate "2013.11.20"]
[SourceVersion "1"]
[SourceVersionDate "2013.11.20"]
[SourceQuality "1"]

1. d4 c6 2. e4 e6 3. f4 d5 4. e5 c5 5. c3 Nc6 6. Nf3 cxd4 7. cxd4 Bb4+ 8. Bd2 Qb6 9. Bxb4 Nxb4 10. Nc3 Bd7 11. a3 Nc6 12. Qd2 Nge7 13. Rd1 0-0 14. Bd3 f5 15. exf6 Rxf6 16. 0-0 Raf8 17. g3 Nf5 18. Bxf5 Rxf5 19. Ne5 Nxe5 20. fxe5 Be8 21. Rxf5 Rxf5 22. Kg2 Bg6 23. Rf1 Qd8 24. Rf4 Qf8 25. Nb5 a6 26. Nc3 Qe7 27. b4 h6 28. h4 Qc7 1/2-1/2

[Event "Novosibirsk Seniors op"]
[Site "Novosibirsk"]
[Date "2010.09.24"]
[Round "1"]
[White "Lanin, Viktor"]
[Black "Makarevich, Gennady"]
[Result "0-1"]
[WhiteElo "1765"]
[BlackElo "1991"]
[PlyCount "67"]
[EventDate "2010.09.24"]
[EventType "swiss"]
[EventRounds "9"]
[EventCountry "RUS"]
[SourceTitle "EXT 2014"]
[Source "ChessBase"]
[SourceDate "2013.11.20"]
[SourceVersion "1"]
[SourceVersionDate "2013.11.20"]
[SourceQuality "1"]

1. d4 e6 2. e3 Nf6 3. Bd3 b6 4. Qe2 Bb7 5. f4 c5 6. c3 Ne4 7. Nf3 Be7 8. 0-0 f5 9. Nbd2 0-0 10. Ne5 d6 11. Nef3 Nd7 12. Bc4 d5 13. Bd3 Ndf6 14. Ne5 a5 15. Rf3 Qc8 16. a4 Bd6 17. Bb5 Nxd2 18. Bxd2 Ba6 19. Be1 Bxe5 20. fxe5 Ne4 21. Rh3 g6 22. Bxa6 Qxa6 23. Qxa6 Rxa6 24. b4 axb4 25. cxb4 Ra7 26. Rf3 Rfa8 27. a5 bxa5 28. bxa5 Ra6 29. Rf1 c4 30. Bb4 Rb6 31. Rfb1 Rab8 32. Ra4 Nc3 33. Bxc3 Rxb1+ 34. Kf2 0-1